[Event "CYCC U10"]
[Site "Windsor CAN"]
[Date "2010.07.09"]
[Round "7"]
[White "Xia, Jefferson"]
[Black "Gorry, Matthew"]
[Result "1-0"]
[WhiteElo "843"]
[BlackElo "1092"]
[PlyCount "61"]
[EventDate "2010.07.06"]
[EventType "swiss"]
[EventRounds "7"]
[EventCountry "CAN"]

1. e4 e5 2. Nf3 Bc5 3. Nc3 h5 4. Bc4 h4 5. d3 Qf6 6. a3 Rh5 7. O-O b6 8. Nd5
Qc6 9. Bb5 Qxb5 10. Nxc7+ Kd8 11. Nxb5 Ba6 12. Nc3 Rh6 13. Bxh6 Nxh6 14. Nxe5
d6 15. Nf3 Bc8 16. Nxh4 g5 17. Qh5 gxh4 18. Qxh6 Bd4 19. Qxd6+ Nd7 20. Qxd4 b5
21. Nxb5 a6 22. Nc3 Rb8 23. Nd5 Bb7 24. Qh8+ Nf8 25. Qxf8+ Kd7 26. Qxb8 Bxd5
27. exd5 f5 28. Qe5 f4 29. Qe6+ Kc7 30. Qc6+ Kd8 31. d6 1-0

[Event "CYCC U10"]
[Site "Windsor CAN"]
[Date "2010.07.09"]
[Round "7"]
[White "Yilmaz, Burak"]
[Black "Zhang, Jeff"]
[Result "0-1"]
[WhiteElo "800"]
[BlackElo "1312"]
[PlyCount "78"]
[EventDate "2010.07.06"]
[EventType "swiss"]
[EventRounds "7"]
[EventCountry "CAN"]

1. e4 c5 2. Nc3 Nc6 3. Nf3 d6 4. Bb5 Bd7 5. Bxc6 Bxc6 6. d4 cxd4 7. Nxd4 Nf6 8.
Nxc6 bxc6 9. f3 g6 10. Be3 Bg7 11. O-O O-O 12. Qe2 Qa5 13. Bd2 Qc7 14. Bf4 Nd7
15. Qf2 Rab8 16. Rab1 Rb7 17. h4 Rfb8 18. h5 Rxb2 19. Rxb2 Rxb2 20. Ne2 Rxc2
21. Rc1 Rxc1+ 22. Nxc1 c5 23. Ne2 Qa5 24. Qh4 Bf6 25. Bg5 Bxg5 26. Qxg5 Nf6 27.
h6 Qe1+ 28. Kh2 Qxe2 29. f4 Qh5+ 30. Qxh5 gxh5 31. e5 Ng4+ 32. Kg3 dxe5 33.
fxe5 Nxe5 34. Kf4 f6 35. Ke4 c4 36. Kd4 Kf7 37. a4 Ke6 38. a5 Kd6 39. a6 Kc6
0-1

[Event "CYCC U10"]
[Site "Windsor CAN"]
[Date "2010.07.09"]
[Round "7"]
[White "Zhu, Jeffrey"]
[Black "Cheung, Lukas"]
[Result "1-0"]
[WhiteElo "1212"]
[BlackElo "1040"]
[PlyCount "61"]
[EventDate "2010.07.06"]
[EventType "swiss"]
[EventRounds "7"]
[EventCountry "CAN"]

1. d4 d5 2. c4 c6 3. Nc3 f6 4. Nf3 Bf5 5. Bf4 e6 6. e3 Bd6 7. Bxd6 Qxd6 8. c5
Qd7 9. Bd3 Na6 10. a3 b6 11. Bxa6 Qc7 12. Bd3 bxc5 13. dxc5 Ne7 14. e4 dxe4 15.
Bxe4 Rd8 16. Qb3 Qe5 17. Nxe5 fxe5 18. Bxf5 exf5 19. O-O Nd5 20. Nxd5 Rxd5 21.
Qb8+ Rd8 22. Qxe5+ Kd7 23. Qxg7+ Kc8 24. Qxa7 Rhe8 25. Rad1 Rxd1 26. Rxd1 h5
27. Qd7+ Kb8 28. Qxe8+ Kb7 29. Rd7+ Ka6 30. Qb8 f4 31. Ra7# 1-0

[Event "CYCC U10"]
[Site "Windsor CAN"]
[Date "2010.07.09"]
[Round "7"]
[White "Zotkin, Daniel"]
[Black "Kassam, Jamil"]
[Result "1/2-1/2"]
[WhiteElo "1504"]
[BlackElo "1786"]
[PlyCount "140"]
[EventDate "2010.07.06"]
[EventType "swiss"]
[EventRounds "7"]
[EventCountry "CAN"]

1. e4 c5 2. Nf3 d6 3. d4 cxd4 4. Qxd4 Nc6 5. Bb5 Bd7 6. Bxc6 Bxc6 7. Nc3 Nf6 8.
Bg5 e5 9. Qd3 Be7 10. O-O-O Ng4 11. Bxe7 Qxe7 12. Rhf1 Rd8 13. h3 Nf6 14. Kb1
O-O 15. g4 d5 16. g5 Nxe4 17. Rde1 Nxc3+ 18. Qxc3 d4 19. Qd3 e4 20. Qe2 Qc5 21.
Nd2 Bb5 22. Nxe4 Bxe2 23. Nxc5 Bxf1 24. Rxf1 b6 25. Nd3 f6 26. h4 fxg5 27. hxg5
Rd5 28. Rg1 Rff5 29. f4 Kf7 30. Kc1 h6 31. g6+ Kf6 32. Kd2 a5 33. Ke2 Rd6 34.
Rg2 Re6+ 35. Kf3 Re4 36. Kg3 Re3+ 37. Kg4 Kxg6 38. Kh4+ Kf6 39. a4 Rxd3 40.
cxd3 Rxf4+ 41. Kg3 Rf5 42. Kh4 g5+ 43. Kg4 Rf4+ 44. Kg3 Rf5 45. Kh2 Kg6 46. Re2
h5 47. Re6+ Rf6 48. Re4 Rd6 49. Kh3 Kf5 50. Kg3 h4+ 51. Kf3 Rd5 52. Kg2 g4 53.
Kh2 Rd6 54. Kg2 Kg5 55. Kh2 g3+ 56. Kh3 Rc6 57. Rg4+ Kf5 58. Kxh4 Rc2 59. Kxg3
Rxb2 60. Rxd4 Rb4 61. Rd6 Rxa4 62. Rxb6 Ra3 63. Rb5+ Ke6 64. Kf2 Kd6 65. Ke2
Kc6 66. Rb1 a4 67. Kd2 Ra2+ 68. Kc3 Kd5 69. d4 Ra3+ 70. Kb4 Rb3+ 1/2-1/2

[Event "CYCC U10 w"]
[Site "Windsor CAN"]
[Date "2010.07.06"]
[Round "1"]
[White "Bai, Minya"]
[Black "Wapioke, Realle"]
[Result "1-0"]
[WhiteElo "1070"]
[BlackElo "396"]
[PlyCount "33"]
[EventDate "2010.07.06"]
[EventType "tourn"]
[EventRounds "7"]
[EventCountry "CAN"]

1. e4 Nc6 2. Nf3 a5 3. d4 Ra6 4. Bxa6 bxa6 5. Nc3 Bb7 6. O-O e5 7. dxe5 Qe7 8.
Bf4 Bc8 9. Qd2 Bb7 10. Rfe1 Ba8 11. Rad1 g6 12. Qd3 h6 13. Qxa6 Qc5 14. Qxa8+
Ke7 15. Nd5+ Ke6 16. Nxc7+ Ke7 17. Qe8# 1-0

[Event "CYCC U10 w"]
[Site "Windsor CAN"]
[Date "2010.07.06"]
[Round "1"]
[White "Liu, Jiaxin (Dora)"]
[Black "Wang, Kelly"]
[Result "0-1"]
[WhiteElo "1460"]
[BlackElo "1299"]
[PlyCount "106"]
[EventDate "2010.07.06"]
[EventType "tourn"]
[EventRounds "7"]
[EventCountry "CAN"]

1. e4 c5 2. Nf3 Nc6 3. d4 cxd4 4. Nxd4 g6 5. Nc3 Bg7 6. Be3 Nf6 7. f3 Qb6 8.
Rb1 Ng4 9. fxg4 Bxd4 10. Nd5 Qa5+ 11. c3 Bxe3 12. Nxe3 Qe5 13. Qf3 O-O 14. Bc4
Na5 15. Bd5 e6 16. Bc4 Nxc4 17. Nxc4 Qc5 18. Ne3 b6 19. O-O Bb7 20. Rbe1 f5 21.
gxf5 exf5 22. Kh1 Bxe4 23. Qg3 Rae8 24. h4 Qe5 25. Qh3 Qc7 26. h5 f4 27. hxg6
Bxg6 28. Nd5 Qd6 29. Rxe8 Rxe8 30. c4 Rf8 31. Qh4 Bd3 32. Rd1 f3 33. Rxd3 f2
34. Rg3+ Kh8 35. Qd4+ Rf6 36. Rg8+ Kxg8 37. Nxf6+ Kf7 38. Qxf2 Qxf6 39. Qxf6+
Kxf6 40. Kh2 Ke5 41. Kh3 Kd4 42. Kh4 Kxc4 43. Kh5 d5 44. g4 d4 45. g5 d3 46.
b3+ Kd5 47. Kh6 d2 48. Kxh7 d1=Q 49. g6 Qh5+ 50. Kg7 Ke6 51. Kg8 Qxg6+ 52. Kh8
Kf7 53. a4 Qh6# 0-1

[Event "CYCC U10 w"]
[Site "Windsor CAN"]
[Date "2010.07.06"]
[Round "1"]
[White "Wang, Constance"]
[Black "Peng, Janet"]
[Result "1/2-1/2"]
[WhiteElo "975"]
[BlackElo "1026"]
[PlyCount "68"]
[EventDate "2010.07.06"]
[EventType "tourn"]
[EventRounds "7"]
[EventCountry "CAN"]

1. e4 e6 2. d4 d5 3. e5 c5 4. c3 Nc6 5. Nf3 Qb6 6. Be2 Nge7 7. dxc5 Qc7 8. O-O
Nxe5 9. Nxe5 Qxe5 10. Be3 Qc7 11. Nd2 Nf5 12. Bd4 Bxc5 13. Nf3 Nxd4 14. Nxd4 e5
15. Nf3 O-O 16. Qxd5 Re8 17. Rfd1 Bg4 18. Qe4 Bh5 19. Bd3 Bg6 20. Qc4 e4 21. b4
Bb6 22. Qxc7 Bxc7 23. Bb5 exf3 24. Bxe8 Rxe8 25. gxf3 h6 26. Re1 Rc8 27. Rad1
Bh5 28. Rd3 Bb6 29. Kg2 Rc4 30. Re7 Bg6 31. Rdd7 Rxc3 32. Re8+ Kh7 33. Rxb7 Rc2
34. Rbb8 Bh5 1/2-1/2

[Event "CYCC U10 w"]
[Site "Windsor CAN"]
[Date "2010.07.06"]
[Round "1"]
[White "Zhu, Jiarong"]
[Black "Gao, Christine"]
[Result "0-1"]
[WhiteElo "1386"]
[BlackElo "1076"]
[PlyCount "134"]
[EventDate "2010.07.06"]
[EventType "tourn"]
[EventRounds "7"]
[EventCountry "CAN"]

1. e4 c5 2. Nf3 d6 3. Bb5+ Bd7 4. Bxd7+ Nxd7 5. O-O Ngf6 6. Nc3 e6 7. Re1 a6 8.
a4 Qc7 9. d4 cxd4 10. Nxd4 Be7 11. Bg5 O-O 12. Nf3 h6 13. Bh4 Rfe8 14. Qe2 Rad8
15. e5 dxe5 16. Nxe5 Nxe5 17. Qxe5 Qxe5 18. Rxe5 Rd4 19. Bxf6 Bxf6 20. Re4 Red8
21. h3 Rd2 22. Rc1 Bxc3 23. bxc3 Rc8 24. Re3 Rc4 25. Rd3 Rxd3 26. cxd3 Rxa4 27.
d4 Rc4 28. Kf1 Kf8 29. Ke2 Ke7 30. Kd3 Rc6 31. c4 b6 32. Rb1 f6 33. g4 g6 34.
f4 Rd6 35. Ke4 Rc6 36. Kd3 Kd6 37. Ra1 b5 38. cxb5 axb5 39. Rb1 Rb6 40. Kc3 Kd5
41. Kd3 b4 42. Rb3 e5 43. fxe5 fxe5 44. dxe5 Kxe5 45. Kc4 Rb7 46. Kc5 Rc7+ 47.
Kxb4 Rb7+ 48. Kc4 Rxb3 49. Kxb3 Kf4 50. Kc4 Kg3 51. Kd5 Kxh3 52. g5 hxg5 53.
Ke4 g4 54. Ke3 g3 55. Ke2 g2 56. Kf2 Kh2 57. Kf3 g1=Q 58. Ke2 Qd4 59. Kf1 Kg3
60. Ke1 Qf2+ 61. Kd1 Kf3 62. Kc1 Qe2 63. Kb1 Qd2 64. Ka1 Ke3 65. Kb1 Kd3 66.
Ka1 Kc3 67. Kb1 Qb2# 0-1

[Event "CYCC U10 w"]
[Site "Windsor CAN"]
[Date "2010.07.06"]
[Round "2"]
[White "Gao, Christine"]
[Black "Bai, Minya"]
[Result "1/2-1/2"]
[WhiteElo "1076"]
[BlackElo "1070"]
[PlyCount "88"]
[EventDate "2010.07.06"]
[EventType "tourn"]
[EventRounds "7"]
[EventCountry "CAN"]

1. e4 e5 2. Nf3 Nc6 3. d4 exd4 4. Nxd4 Nxd4 5. Qxd4 Nf6 6. Nc3 b6 7. Bg5 c5 8.
Qd1 Be7 9. Bd3 O-O 10. O-O Re8 11. Re1 h6 12. Bf4 d6 13. e5 dxe5 14. Bxe5 Bb7
15. Ne4 Nxe4 16. Bxe4 Bxe4 17. Rxe4 Bd6 18. Qd5 Bxe5 19. Rxe5 Rxe5 20. Qxe5 Qd7
21. h3 Re8 22. Qc3 Re6 23. Re1 Rxe1+ 24. Qxe1 a5 25. a3 g6 26. c3 h5 27. Qe5
Qe6 28. Qxe6 fxe6 29. Kf1 Kf7 30. Ke2 Kf6 31. Ke3 Ke5 32. f4+ Kf5 33. Kf3 e5
34. g4+ hxg4+ 35. hxg4+ Kf6 36. Ke4 exf4 37. Kxf4 g5+ 38. Ke4 b5 39. b3 Ke6 40.
Ke3 Ke5 41. Kf3 Kf6 42. Ke4 Ke6 43. Ke3 Ke5 44. Kf3 Kf6 1/2-1/2

[Event "CYCC U10 w"]
[Site "Windsor CAN"]
[Date "2010.07.06"]
[Round "2"]
[White "Peng, Janet"]
[Black "Wang, Kelly"]
[Result "0-1"]
[WhiteElo "1026"]
[BlackElo "1299"]
[PlyCount "148"]
[EventDate "2010.07.06"]
[EventType "tourn"]
[EventRounds "7"]
[EventCountry "CAN"]

1. d4 d5 2. c4 e6 3. Nc3 Be7 4. e3 Nf6 5. Nf3 O-O 6. Bd3 dxc4 7. Bxc4 a6 8. O-O
b5 9. Bd3 Bb7 10. a3 c5 11. dxc5 Bxc5 12. b4 Bxf3 13. Qxf3 Qxd3 14. Qxa8 Qxc3
15. Rb1 Bd6 16. Qf3 Qe5 17. Qh3 Qe4 18. Bb2 Ng4 19. g3 Ne5 20. Bxe5 Bxe5 21.
Qg2 Qxg2+ 22. Kxg2 Nd7 23. Rfd1 Nb6 24. Rb3 Nc4 25. Rd7 Rc8 26. Rdd3 Kf8 27.
Kf3 Bb2 28. Ke2 Bxa3 29. Rxa3 Nxa3 30. Rxa3 Ke7 31. Ra5 Kd6 32. Kd3 e5 33. f3
Ke6 34. f4 Rd8+ 35. Ke2 Rd6 36. Kf3 exf4 37. exf4 Kd5 38. Ra1 Kc4 39. Rb1 Rd3+
40. Ke2 Rb3 41. Rc1+ Kxb4 42. Rc7 Rb2+ 43. Ke3 a5 44. Rxf7 Rxh2 45. Rxg7 Rh1
46. Ke2 a4 47. f5 Rh2+ 48. Ke3 Rh6 49. Ra7 a3 50. Ke4 Kb3 51. Ke5 Rh1 52. f6 a2
53. f7 Rf1 54. Ke6 Kb2 55. Ke7 a1=Q 56. Rxa1 Kxa1 57. f8=Q Rxf8 58. Kxf8 b4 59.
Kg7 b3 60. Kxh7 b2 61. g4 b1=Q+ 62. Kh6 Qb8 63. g5 Qg8 64. g6 Kb2 65. g7 Kc3
66. Kg6 Kd4 67. Kf6 Kd5 68. Kg6 Ke6 69. Kh6 Kf6 70. Kh5 Qxg7 71. Kh4 Kf5 72.
Kh3 Kf4 73. Kh2 Kf3 74. Kh1 Qg2# 0-1

[Event "CYCC U10 w"]
[Site "Windsor CAN"]
[Date "2010.07.06"]
[Round "2"]
[White "Wang, Constance"]
[Black "Zhu, Jiarong"]
[Result "0-1"]
[WhiteElo "1386"]
[BlackElo "975"]
[PlyCount "72"]
[EventDate "2010.07.06"]
[EventType "tourn"]
[EventRounds "7"]
[EventCountry "CAN"]

1. e4 c5 2. Nf3 e6 3. d4 cxd4 4. Nxd4 Nf6 5. Nc3 Bb4 6. Bg5 h6 7. Bxf6 Qxf6 8.
Be2 O-O 9. O-O Nc6 10. Nxc6 bxc6 11. Qd2 d5 12. exd5 cxd5 13. Rfd1 Rd8 14. Nxd5
Bxd2 15. Nxf6+ gxf6 16. Bf3 Rb8 17. Rab1 e5 18. Kf1 Bf5 19. Ke2 Bxc2 20. Rxd2
Rxd2+ 21. Kxd2 Bxb1 22. Kc3 Bxa2 23. Be4 a5 24. Bf3 a4 25. Kd2 Rxb2+ 26. Ke3
Be6 27. Bd1 a3 28. Ke4 a2 29. Bc2 Rxc2 30. g4 a1=Q 31. Kf3 Bc4 32. Kg3 Qa3+ 33.
f3 f5 34. Kh4 fxg4 35. Kh5 Qe7 36. h3 Qg5# 0-1

[Event "CYCC U10 w"]
[Site "Windsor CAN"]
[Date "2010.07.07"]
[Round "3"]
[White "Bai, Minya"]
[Black "Wang, Constance"]
[Result "1-0"]
[WhiteElo "1070"]
[BlackElo "975"]
[PlyCount "97"]
[EventDate "2010.07.06"]
[EventType "tourn"]
[EventRounds "7"]
[EventCountry "CAN"]

1. e4 e5 2. Nf3 Nc6 3. d4 d6 4. dxe5 dxe5 5. Qxd8+ Kxd8 6. Nc3 Nf6 7. Bd3 Bc5
8. Be3 Bxe3 9. fxe3 Bg4 10. Be2 Kd7 11. O-O-O+ Ke7 12. Nd5+ Nxd5 13. exd5 e4
14. dxc6 exf3 15. Bxf3 Bxf3 16. gxf3 bxc6 17. Rhe1 Rad8 18. e4 Rxd1+ 19. Rxd1
Rd8 20. Rd3 Rxd3 21. cxd3 Ke6 22. Kc2 Ke5 23. Kd2 Kf4 24. Ke2 h5 25. d4 g6 26.
a4 Kg5 27. Kf2 Kf6 28. Kg3 Ke6 29. b4 Kd7 30. f4 Kc8 31. e5 Kd7 32. Kf3 Ke6 33.
Ke4 a6 34. a5 Kd7 35. d5 cxd5+ 36. Kxd5 c6+ 37. Kc5 Kc7 38. h4 Kd7 39. Kb6 g5
40. fxg5 f5 41. exf6 Ke6 42. Kxc6 Kf5 43. f7 Kg4 44. f8=Q Kh3 45. g6 Kg4 46. g7
Kh3 47. g8=R Kh2 48. Qf2+ Kh1 49. Qg2# 1-0

[Event "CYCC U10 w"]
[Site "Windsor CAN"]
[Date "2010.07.07"]
[Round "3"]
[White "Liu, Jiaxin (Dora)"]
[Black "Gao, Christine"]
[Result "1-0"]
[WhiteElo "1460"]
[BlackElo "1076"]
[PlyCount "89"]
[EventDate "2010.07.06"]
[EventType "tourn"]
[EventRounds "7"]
[EventCountry "CAN"]

1. e4 c5 2. Nf3 d6 3. d4 cxd4 4. Nxd4 Nf6 5. Nc3 a6 6. Be2 e6 7. Bg5 Be7 8. f4
h6 9. Bh4 O-O 10. Bg3 b5 11. a3 Bb7 12. Bf3 Qc7 13. O-O Nc6 14. Qd3 Nd7 15. Nb3
Nb6 16. f5 Nc4 17. Rab1 N6e5 18. Bxe5 Nxe5 19. Qe2 Nxf3+ 20. Qxf3 Bf6 21. Rbd1
Rfd8 22. Rd3 Qc6 23. fxe6 fxe6 24. Re3 Rf8 25. Qg4 Rae8 26. Ref3 Kh7 27. Rg3
Rg8 28. Qg6+ Kh8 29. Rxf6 Re7 30. Rh3 Qc7 31. Rff3 Bxe4 32. Qxe4 g6 33. Rxh6+
Rh7 34. Rxh7+ Qxh7 35. Rh3 Kg7 36. Rxh7+ Kxh7 37. Qxe6 Rf8 38. Qxd6 Ra8 39. Ne4
a5 40. Nf6+ Kh6 41. Nc5 Rc8 42. c3 a4 43. Nce4 Kg7 44. Qe7+ Kh6 45. Qh7# 1-0

[Event "CYCC U10 w"]
[Site "Windsor CAN"]
[Date "2010.07.07"]
[Round "3"]
[White "Wang, Kelly"]
[Black "Wapioke, Realle"]
[Result "1-0"]
[WhiteElo "1299"]
[BlackElo "396"]
[PlyCount "47"]
[EventDate "2010.07.06"]
[EventType "tourn"]
[EventRounds "7"]
[EventCountry "CAN"]

1. e4 Nc6 2. d4 b6 3. Nc3 Ba6 4. Bxa6 d5 5. Bb7 Rb8 6. Bxc6+ Qd7 7. Bxd7+ Kxd7
8. Nxd5 Rc8 9. Qg4+ e6 10. Nc3 c6 11. Nge2 Nh6 12. Bxh6 gxh6 13. O-O Re8 14. d5
Ke7 15. dxc6 a6 16. c7 f6 17. Na4 b5 18. Nb6 Kf7 19. c8=Q Rxc8 20. Nxc8 a5 21.
Rad1 Bg7 22. Rd7+ Kf8 23. Qxg7+ Ke8 24. Qe7# 1-0

[Event "CYCC U10 w"]
[Site "Windsor CAN"]
[Date "2010.07.07"]
[Round "4"]
[White "Gao, Christine"]
[Black "Wang, Kelly"]
[Result "0-1"]
[WhiteElo "1076"]
[BlackElo "1299"]
[PlyCount "102"]
[EventDate "2010.07.06"]
[EventType "tourn"]
[EventRounds "7"]
[EventCountry "CAN"]

1. e4 c5 2. Nf3 Nc6 3. d4 cxd4 4. Nxd4 g6 5. Nc3 Bg7 6. Be3 Nf6 7. Be2 d6 8.
O-O O-O 9. f4 Qb6 10. Rb1 Nxe4 11. Nxe4 Bxd4 12. Bxd4 Qxd4+ 13. Qxd4 Nxd4 14.
Bd3 Bf5 15. c3 Nc6 16. Rbd1 Na5 17. Rfe1 Rac8 18. Ng3 Bxd3 19. Rxd3 Rc7 20. f5
Nc4 21. b3 Ne5 22. Rde3 e6 23. fxe6 fxe6 24. c4 b6 25. Ne4 Rd7 26. Rd3 Nxd3 27.
Rd1 Nb4 28. a3 Nc6 29. Rxd6 Rxd6 30. Nxd6 e5 31. h3 Nd4 32. b4 Ne2+ 33. Kh2 Nc3
34. Nb7 e4 35. c5 bxc5 36. Nxc5 e3 37. Nd3 e2 38. Ne1 Rf1 39. Nd3 e1=Q 40. Nxe1
Rxe1 41. Kg3 Ra1 42. Kf3 Rxa3 43. Ke3 Nd5+ 44. Kd2 Nxb4 45. Kc1 Ra2 46. g4 a5
47. h4 a4 48. Kb1 a3 49. Kc1 Rh2 50. h5 a2 51. Kd1 a1=Q# 0-1

[Event "CYCC U10 w"]
[Site "Windsor CAN"]
[Date "2010.07.07"]
[Round "4"]
[White "Peng, Janet"]
[Black "Wapioke, Realle"]
[Result "1-0"]
[WhiteElo "1026"]
[BlackElo "396"]
[PlyCount "23"]
[EventDate "2010.07.06"]
[EventType "tourn"]
[EventRounds "7"]
[EventCountry "CAN"]

1. d4 Nc6 2. Nf3 g6 3. e4 Bg7 4. Nc3 h6 5. Bc4 e6 6. O-O Nf6 7. Bf4 Ne7 8. Re1
c6 9. Bd6 Neg8 10. Ne5 Nh7 11. Qf3 b6 12. Qxf7# 1-0

[Event "CYCC U10 w"]
[Site "Windsor CAN"]
[Date "2010.07.07"]
[Round "4"]
[White "Wang, Constance"]
[Black "Liu, Jiaxin (Dora)"]
[Result "0-1"]
[WhiteElo "975"]
[BlackElo "1460"]
[PlyCount "138"]
[EventDate "2010.07.06"]
[EventType "tourn"]
[EventRounds "7"]
[EventCountry "CAN"]

1. e4 c5 2. Nf3 d6 3. d4 cxd4 4. Nxd4 Nf6 5. Nc3 a6 6. Be2 e6 7. O-O Nbd7 8.
Be3 Be7 9. Qd2 O-O 10. f4 Qc7 11. Bf3 Nc5 12. Rac1 Rb8 13. Nb3 b5 14. a3 Rd8
15. Qe2 Bb7 16. Nxc5 dxc5 17. Rcd1 Bc6 18. Rxd8+ Rxd8 19. Rd1 Rd7 20. Rxd7 Nxd7
21. Qf2 h6 22. Qg3 Kh8 23. Kf2 c4 24. f5 Qxg3+ 25. Kxg3 exf5 26. exf5 Bxf3 27.
Kxf3 Kg8 28. Ke4 Nf6+ 29. Kf3 Kf8 30. Ne4 Nd5 31. Bc5 Ke8 32. Bxe7 Kxe7 33. g4
g6 34. fxg6 fxg6 35. h4 a5 36. g5 h5 37. Nc3 Nxc3 38. bxc3 Kd6 39. Kf4 Kd5 40.
Kf3 Ke5 41. Ke3 Kf5 42. Kf3 a4 43. Kg3 Ke4 44. Kh2 Ke3 45. Kg3 Kd2 46. Kf4 Kxc2
47. Ke5 Kxc3 48. Kf6 Kd2 49. Kxg6 c3 50. Kf7 c2 51. g6 c1=Q 52. g7 Qc4+ 53. Kf8
Qf4+ 54. Kg8 Ke3 55. Kh7 Qf5+ 56. Kh6 Qf6+ 57. Kh7 Qf7 58. Kh8 Qe8+ 59. Kh7 b4
60. g8=Q Qxg8+ 61. Kxg8 bxa3 62. Kf8 a2 63. Kg8 a1=Q 64. Kh7 Kf4 65. Kh6 Qh8+
66. Kg6 a3 67. Kf7 a2 68. Kg6 a1=Q 69. Kf7 Qaf6# 0-1

[Event "CYCC U10 w"]
[Site "Windsor CAN"]
[Date "2010.07.07"]
[Round "4"]
[White "Zhu, Jiarong"]
[Black "Bai, Minya"]
[Result "0-1"]
[WhiteElo "1386"]
[BlackElo "1070"]
[PlyCount "110"]
[EventDate "2010.07.06"]
[EventType "tourn"]
[EventRounds "7"]
[EventCountry "CAN"]

1. e4 e5 2. Nf3 Nc6 3. Bb5 a6 4. Bxc6 dxc6 5. O-O Bd6 6. d4 exd4 7. Qxd4 f6 8.
Nc3 Ne7 9. e5 Nf5 10. Qe4 fxe5 11. Nxe5 Bxe5 12. Qxe5+ Qe7 13. Qxe7+ Nxe7 14.
Bg5 Bf5 15. Bxe7 Kxe7 16. Rfe1+ Kf7 17. Rac1 Rhe8 18. Rxe8 Rxe8 19. h3 Rd8 20.
Nb1 Rd5 21. c3 Bxb1 22. Rxb1 Rd2 23. Kf1 b5 24. Ke1 Rd6 25. b4 Kf6 26. Rd1 h5
27. h4 g5 28. hxg5+ Kxg5 29. Ke2 Kf4 30. Rd4+ Rxd4 31. cxd4 Ke4 32. f3+ Kxd4
33. g3 Ke5 34. Ke3 Kf5 35. a3 Kg5 36. Ke4 Kf6 37. f4 Ke6 38. f5+ Kf6 39. Kf4 c5
40. bxc5 a5 41. g4 hxg4 42. Kxg4 b4 43. axb4 axb4 44. Kf3 b3 45. Ke2 b2 46. Kd2
b1=Q 47. Kc3 Qd1 48. Kc4 Kxf5 49. Kb4 Qc1 50. Kb3 Ke4 51. Kb4 Kd4 52. c6 Qc4+
53. Ka3 Qb5 54. Ka2 Kc3 55. Ka1 Qb2# 0-1

[Event "CYCC U10 w"]
[Site "Windsor CAN"]
[Date "2010.07.08"]
[Round "5"]
[White "Bai, Minya"]
[Black "Peng, Janet"]
[Result "0-1"]
[WhiteElo "1070"]
[BlackElo "1026"]
[PlyCount "90"]
[EventDate "2010.07.06"]
[EventType "tourn"]
[EventRounds "7"]
[EventCountry "CAN"]

1. e4 e6 2. d4 d5 3. e5 c5 4. c3 Nc6 5. Nf3 Qb6 6. Be2 Nge7 7. b3 Nf5 8. Bb2
Be7 9. O-O O-O 10. Qd2 Bd7 11. Na3 Qa5 12. dxc5 Qxc5 13. b4 Qb6 14. Nc2 Rac8
15. a4 Rfd8 16. Ncd4 Nfxd4 17. Nxd4 Nxd4 18. a5 Nb3 19. Qc2 Nxa1 20. Rxa1 Qc7
21. a6 bxa6 22. Bxa6 Rb8 23. Bd3 Qxe5 24. Bxh7+ Kf8 25. c4 Qh5 26. cxd5 exd5
27. Rxa7 Rbc8 28. Qd3 Bb5 29. Qb1 Bf6 30. h3 Bxb2 31. Qxb2 Qxh7 32. Ra5 Bc6 33.
b5 Rb8 34. b6 Qg6 35. Qd4 Qf6 36. Qc5+ Kg8 37. Ra7 d4 38. Qb4 d3 39. Ra2 Qg6
40. g3 Qh5 41. Qg4 Qxg4 42. hxg4 Rxb6 43. Rd2 Rb1+ 44. Rd1 Rxd1+ 45. Kh2 Rh1#
0-1

[Event "CYCC U10 w"]
[Site "Windsor CAN"]
[Date "2010.07.08"]
[Round "5"]
[White "Liu, Jiaxin (Dora)"]
[Black "Zhu, Jiarong"]
[Result "1/2-1/2"]
[WhiteElo "1460"]
[BlackElo "1386"]
[PlyCount "89"]
[EventDate "2010.07.06"]
[EventType "tourn"]
[EventRounds "7"]
[EventCountry "CAN"]

1. e4 c5 2. Nf3 e6 3. d4 cxd4 4. Nxd4 Nf6 5. Nc3 Bb4 6. f3 Nxe4 7. Nde2 Nxc3 8.
bxc3 Bc5 9. Qd3 Nc6 10. Be3 b6 11. Bxc5 bxc5 12. Ng3 d5 13. Be2 Qb6 14. Qb5 c4
15. a4 Ba6 16. Qxb6 axb6 17. Rb1 Rb8 18. Kf2 d4 19. a5 b5 20. cxd4 Nxd4 21.
Rhc1 O-O 22. Ne4 f5 23. Nc5 Bc8 24. Bxc4 Ra8 25. Bd3 Rxa5 26. Nb3 Nxb3 27. Rxb3
Ba6 28. Rcb1 Rb8 29. c4 Ra2+ 30. Kg3 Rd2 31. cxb5 Bc8 32. b6 g5 33. h3 e5 34.
Bc4+ Kg7 35. b7 Bd7 36. Rb6 Be8 37. Be6 f4+ 38. Kh2 Bh5 39. Rc1 Bxf3 40. Rc7+
Kf8 41. Rc8+ Ke7 42. Rc7+ Kf8 43. Rc8+ Ke7 44. Rc7+ Kf8 45. Rc8+ 1/2-1/2

[Event "CYCC U10 w"]
[Site "Windsor CAN"]
[Date "2010.07.08"]
[Round "5"]
[White "Wang, Kelly"]
[Black "Wang, Constance"]
[Result "1-0"]
[WhiteElo "1299"]
[BlackElo "975"]
[PlyCount "67"]
[EventDate "2010.07.06"]
[EventType "tourn"]
[EventRounds "7"]
[EventCountry "CAN"]

1. e4 e5 2. Nf3 Nc6 3. Bc4 Bc5 4. c3 Nf6 5. d3 d6 6. Bb3 Bg4 7. Nbd2 O-O 8. Nf1
Ne7 9. Ng3 Qd7 10. h3 Be6 11. O-O Bxb3 12. Qxb3 Rab8 13. Be3 Bxe3 14. fxe3 Qe6
15. Qxe6 fxe6 16. Ng5 h6 17. Nxe6 Rfc8 18. d4 c6 19. dxe5 dxe5 20. Nc5 b6 21.
Nd3 Ng6 22. Rad1 Rd8 23. Nb4 Rxd1 24. Rxd1 Rc8 25. Kf2 c5 26. Nd5 Kf7 27. Nxf6
Kxf6 28. Nh5+ Ke7 29. Nxg7 Rc7 30. Nf5+ Kf6 31. Rd6+ Kg5 32. Kg3 Ne7 33. h4+
Kh5 34. Ng7# 1-0

[Event "CYCC U10 w"]
[Site "Windsor CAN"]
[Date "2010.07.08"]
[Round "5"]
[White "Wapioke, Realle"]
[Black "Gao, Christine"]
[Result "0-1"]
[WhiteElo "390"]
[BlackElo "1076"]
[PlyCount "44"]
[EventDate "2010.07.06"]
[EventType "tourn"]
[EventRounds "7"]
[EventCountry "CAN"]

1. e3 d5 2. d4 Nf6 3. f3 Nc6 4. Nd2 e5 5. Ne2 exd4 6. Nxd4 Nxd4 7. exd4 Bf5 8.
Be2 Bd6 9. g3 O-O 10. Rf1 Re8 11. Rf2 c5 12. Nb3 c4 13. Nd2 Qb6 14. c3 Bd3 15.
Rg2 Re7 16. f4 Rae8 17. Nf1 Bxe2 18. Ne3 Bxd1 19. Kxd1 Rxe3 20. Rg1 Re2 21. Bd2
Qxb2 22. Bc1 Qc2# 0-1

[Event "CYCC U10 w"]
[Site "Windsor CAN"]
[Date "2010.07.08"]
[Round "6"]
[White "Bai, Minya"]
[Black "Liu, Jiaxin (Dora)"]
[Result "1-0"]
[WhiteElo "1070"]
[BlackElo "1460"]
[PlyCount "163"]
[EventDate "2010.07.06"]
[EventType "tourn"]
[EventRounds "7"]
[EventCountry "CAN"]

1. e4 c5 2. Nf3 d6 3. Nc3 Nf6 4. Bc4 a6 5. d4 cxd4 6. Nxd4 e6 7. Be3 Nbd7 8.
O-O Be7 9. a3 O-O 10. Qd2 Qc7 11. Bb3 b5 12. h3 Bb7 13. Qd3 Nc5 14. Qe2 Ncxe4
15. Rfd1 Nxc3 16. bxc3 Qxc3 17. Qd2 Qc7 18. Rdc1 Qd7 19. c4 Ne4 20. Qe2 bxc4
21. Bxc4 Rfc8 22. Bb3 Bf6 23. a4 Kh8 24. Rxc8+ Rxc8 25. Bc4 Ra8 26. a5 e5 27.
Nf3 Nc3 28. Qd2 Bxf3 29. gxf3 e4 30. Bd4 Bxd4 31. Qxd4 Nb5 32. Qxe4 Rf8 33. Kg2
Nc7 34. Qd3 Ra8 35. Rd1 Nb5 36. Bxb5 Qxb5 37. Qxb5 axb5 38. Rxd6 g6 39. a6 b4
40. Rb6 b3 41. Rxb3 Rxa6 42. Kg3 Kg7 43. f4 Kf6 44. Kg4 h5+ 45. Kg3 Ra5 46. h4
Kf5 47. Rb7 Ra3+ 48. f3 Kf6 49. Rb6+ Kf5 50. Rb5+ Kf6 51. Re5 Ra2 52. Re3 Kf5
53. Re1 Ra4 54. Re5+ Kf6 55. Re4 Rxe4 56. fxe4 Ke7 57. Kf3 Ke6 58. Ke3 f6 59.
Kf3 f5 60. e5 Kd5 61. Kg3 Ke6 62. Kf3 Kd5 63. Ke3 Kc6 64. Kd3 Kd5 65. Kc3 Kc5
66. Kd3 Kd5 67. Ke3 Kc5 68. Kd2 Kc6 69. Kc1 Kd7 70. Kb2 Ke6 71. Kb3 Kd5 72. Kb4
Kc6 73. Kc4 Kc7 74. Kd5 Kd7 75. e6+ Ke8 76. Kd6 g5 77. fxg5 f4 78. g6 Kf8 79.
e7+ Ke8 80. Ke6 f3 81. g7 f2 82. g8=Q# 1-0